Memoria de El Colegio Nacional : 1990 /

Сохранить в:
Библиографические подробности
Соавтор: El Colegio Nacional
Формат:
Язык:испанский
Опубликовано: México : El Colegio Nacional, 1991, c1991
Предметы:
Метки: Добавить метку
Нет меток, Требуется 1-ая метка записи!

MARC

LEADER 00000nam^a2200000^a^4500
001 000328238
005 20250521000000.0
009 20260310113901.66
037 |a Acervo ITESO - Biblioteca 
041 |a ESP 
082 |a 868.  |b NAC MEM 1990 
110 |a El Colegio Nacional 
240 1 1 |a [Memoria de El Colegio Nacional] 
245 1 0 |a Memoria de El Colegio Nacional :  |b 1990 /  |c El Colegio Nacional. 
264 4 |a México :  |b El Colegio Nacional,  |c 1991, c1991 
300 |a 241 p. 
336 |a texto  |b txt  |2 rdacontenido 
337 |a sin mediación  |b n  |2 rdamedio 
338 |a volumen  |b nc  |2 rdasoporte 
649 |a XX 
650 |a Astrónomos Mexicanos -  |x Homenajes 
650 |a Historiadores Mexicanos -  |x Homenajes 
650 |a Escritores Mexicanos 
650 |a El Colegio Nacional -  |x Memorias -  |x Tema Principal  |z México - 
650 |a El Colegio Nacional -  |x Historia -  |y 2000-2006  |z México - 
650 |a El Colegio Nacional -  |x Historia -  |y 2006-2012  |z México - 
650 |a Literatura Autobiográfica -  |z México -  |x Historia y Crítica 
650 |a Poesía Mexicana -  |x Historia y Crítica 
650 |a Literatura de Mujeres -  |z México -  |x Historia y Crítica 
650 |a Literatura Mexicana -  |y Siglo XX 
650 |a Cuerpo Humano en la Pintura -  |z México -  |x Historia y Crítica 
650 |a Pintura Mural -  |z México 
650 |a Pintura Prehispánica -  |z México 
650 |a Cerámica Olmeca -  |x Historia y Crítica 
650 |a Cerámica Prehispánica -  |x Historia y Crítica 
650 |a Escultura Olmeca -  |x Historia y Crítica 
650 |a Escultura Prehispánica -  |x Historia y Crítica 
650 |a Arte Prehispánico -  |z México -  |x Historia y Crítica 
650 |a Arte Mexicano -  |x Historia y Crítica 
650 |a Formación y Capacitación de Investigadores 
650 |a Educación Pública -  |z México 
650 |a Educación Superior -  |z México 
650 |a Pobreza 
650 |a Salud Pública 
650 |a Iglesia Católica -  |x Historia -  |y Papa, 1978-2005 (Juan Pablo II) 
650 |a Visitas Pastorales -  |z México -  |x Historia -  |y 1988-1994 
650 |a Historiografía -  |z América 
650 |a América -  |x Historia -  |y Quinto Centenario 
650 |a Haro, Guillermo 
650 |a Toussaint, Manuel 
650 |a Anglería, Pedro Mártir de 
650 |a Reyes, Alfonso 
650 |a Darwin, Charles 
650 |a Casas, Bartolomé de las,  |c Fray 
910 |a Fondo General 
920 |a Impresos - Libros 
930 |a Colección General 
940 |a Literatura 
905 |a 101 
901 |a 0500217547  |b IT1  |c LIT  |i D53204  |u 20250521 
902 |a https://opac.biblio.iteso.mx/vufind/Record/000328238